000 00478nam a2200193 a 4500
001 1770285652528
003 YourLibrary
005 20260205153742.0
008 260205s2010##################000#0#eng##
020 _a9780470710142
082 0 4 _a332.6
_bTVE
100 1 _aTvede, Lars,
_eauthor.
245 1 0 _aSupertrends :
260 _bWiley,
_c2010.
300 _a472 pages
650 0 _aBusiness & Economics.
942 _cENGLISH
040 _aYourLibrary
_beng
_cYourLibrary
999 _c610443
_d610443